| 000 | 00691nam a2200253 a 4500 | ||
|---|---|---|---|
| 008 | |||
| 020 | _a0750648538 (pbk.) | ||
| 049 | _aMAIN | ||
| 090 |
_aRD87 _bSIM |
||
| 100 | 1 | _aSimpson, P.J. | |
| 245 | 1 | 0 |
_aUnderstanding anaesthesia / _cP.J. Simpson and M. Popat. |
| 260 |
_aEdinburgh : _bElsevier, _c2002. |
||
| 300 | _a4th ed. | ||
| 300 |
_avi, 470 p. _bill. ; _c20 cm. |
||
| 504 | _aIncludes bibliographical reference. | ||
| 500 | _aIncludes index. | ||
| 650 | 1 | _aAnaesthesia. | |
| 700 | _aPopat, M. | ||
| 907 |
_a.b10259600 _b28-01-14 _c14-01-09 |
||
| 003 | |||
| 005 | 20230120204010.0 | ||
| 040 | _cNUST | ||
| 942 |
_cBOOKS _kRD87 _mSIM |
||
| 999 |
_c115311 _d115311 |
||